000 01392cam a2200145 4500500
005 20260329023223.0
041 _afre
042 _adc
100 1 0 _aGoliot-Lété, Anne
_eauthor
700 1 0 _aVanoye, Francis
_eauthor
245 0 0 _aPrécis d'analyse filmique - 5e éd.
260 _bArmand Colin,
_c2020.
520 _aL’analyse de films s’enseigne de l’école à l’université, et se pratique dans des contextes et selon des objectifs très variés. Ce précis vise, non à fixer un cadre rigide ou à établir une «  grille  » standard, mais à donner des repères et des outils. Il propose une méthodologie de l’analyse filmique, du plan unique au film entier, de la séquence aux formes brèves, à travers des éléments de réflexion générale (histoire des formes cinématographiques, outils de narratologie, enjeux de l’interprétation) et des exemples appliqués. Les œuvres d’Alfred Hitchcock, Vittorio De Sica, Claude Chabrol, Raoul Ruiz et de quelques autres jalonnent le propos de l’ouvrage, dont la vocation est avant tout de donner le goût de l’analyse de films.Cette 5e  édition enrichie offre de nouvelles pistes de réflexion sur les adaptations, les films à épisodes et le rôle des personnages dans la narration.
856 4 1 _uhttps://shs.cairn.info/precis-d-analyse-filmique--9782200628628?lang=fr&redirect-ssocas=7080
999 _c1925576
_d1925576